The Commercial law of Malaysia

Bibliographic Details
Main Author: Wu Min Aun
Other Authors: Vohrah, Beatrix
Format: Book
Published: Petaling Jaya : Longman Malaysia , 1991
Subjects:

MARC

LEADER 00000cam a2200000 7i4500
001 0000003053
002 000003306
005 20000330.0
020 |a 9679764125 
090 0 0 |a 346.07   |b WUM 
100 0 |a Wu Min Aun 
245 1 4 |a The Commercial law of Malaysia   |c Wu Min Aun and Beatrix Vohrah 
260 |a Petaling Jaya :   |b Longman Malaysia ,   |c 1991 
300 |a 455p. ;   |c 22cm. 
650 0 0 |a Commercial law   |z Malaysia 
700 1 |a Vohrah, Beatrix 
999 |a 036288   |b BUKU   |c PINJAMAN   |e PERPUSTAKAAN KOMUNITI PETALING JAYA 
999 |a 036290   |b BUKU   |c MALAYSIANA   |e PERPUSTAKAAN KOMUNITI PETALING JAYA